Central Library OPAC University of Rajshahi

Guidance and control of aerospace vehicles (Record no. 14791)

MARC details
000 -LEADER
fixed length control field 00965cam a22002891 4500
001 - CONTROL NUMBER
control field 14791
003 - CONTROL NUMBER IDENTIFIER
rucl marc code BD-RjUL
005 - DATE AND TIME OF LATEST TRANSACTION
control field 20211208235707.0
008 - FIXED-LENGTH DATA ELEMENTS--GENERAL INFORMATION
fixed length control field 140208s1963 nyua b 001 0 eng
035 ## - SYSTEM CONTROL NUMBER
System control number (BD-RjUL)14845
System control number (OCoLC)567615
040 ## - CATALOGING SOURCE
Original cataloging agency DLC
Transcribing agency ODaWU
Modifying agency OCoLC
-- Uk
-- DLC
-- BD-RjUL
Language of cataloging eng
041 ## - LANGUAGE CODE
Language code of text/sound track or separate title eng
082 ## - DEWEY DECIMAL CLASSIFICATION NUMBER
Classification number 629
Author mark and year GUI
100 1# - MAIN ENTRY--PERSONAL NAME
Personal name Leondes, Cornelius T.
9 (RLIN) 46074
245 10 - TITLE STATEMENT
Title Guidance and control of aerospace vehicles
Statement of responsibility, etc. [by] Cornelius T. Leondes [and others]
260 ## - PUBLICATION, DISTRIBUTION, ETC. (IMPRINT)
Place of publication, distribution, etc. New York :
Name of publisher, distributor, etc. McGraw-Hill,
Date of publication, distribution, etc. 1963.
300 ## - PHYSICAL DESCRIPTION
Pagination ix, 610 p. :
Illustrations illus., diagrs. ;
Size 24 cm.
490 1# - SERIES STATEMENT
Series statement University of California engineering and sciences extension series
504 ## - BIBLIOGRAPHY, ETC. NOTE
Bibliography, etc Includes bibliographies and index.
650 #0 - SUBJECT ADDED ENTRY--TOPICAL TERM
Topical term or geographic name as entry element Guidance systems (Flight)
9 (RLIN) 46075
Topical term or geographic name as entry element Space vehicles
General subdivision Guidance systems.
9 (RLIN) 46076
Topical term or geographic name as entry element Guided missiles
General subdivision Guidance systems.
9 (RLIN) 46077
942 ## - ADDED ENTRY ELEMENTS (KOHA)
Source of classification or shelving scheme Dewey Decimal Classification
Koha item type Books
Holdings
Lost status Source of classification or shelving scheme Damaged status Not for loan Collection code Permanent Location Current Location Shelving location Date acquired Source of acquisition Cost, normal purchase price Total Checkouts Full call number Date last seen Copy number Koha item type
  Dewey Decimal Classification     Non-fiction Central Library, University of Rajshahi Central Library, University of Rajshahi   12/10/1970 Swets & Zeitlinger. 200.60   629 GUI 1963 08/02/2014 C-2 Books
  Dewey Decimal Classification   Not For Loan Non-fiction Central Library, University of Rajshahi Central Library, University of Rajshahi Reading Room 12/10/1970 Sweets & Zeitlinger 200.60   629 GUI 11/11/2018 C-1 Books